| 000 | 00879nam a22002177a 4500 | ||
|---|---|---|---|
| 999 |
_c18740 _d18740 |
||
| 003 | AR-CdUCM | ||
| 008 | 190515b ||||| |||| 00| 0 spa d | ||
| 040 |
_aMUNICIPALIDAD PROVINCIAL DEL CUSCO _cBIBLIOTECA MUNICIPAL DEL CUSCO |
||
| 082 |
_a373.04 / _bB83 |
||
| 100 |
_aBriggs, Leslie J. _939507 |
||
| 245 | _aManual para el diseño de la instrucción / | ||
| 260 |
_aBuenos Aires : _bGuadalupe, _c1973. |
||
| 300 |
_a219 paginas ; _c23 cm |
||
| 440 |
_aManual para el diseño de la instrucción _939508 |
||
| 505 | _aContenido :Modelo alternativo para diseñar o re diseñar la enseñanza -- Examen del modelo en conjunto -- Desarrollo de los objetivos del curso -- Preparación de pruebas ... | ||
| 650 |
_aMejoramiento de cursos _939509 |
||
| 650 |
_aLa enseñanza _939510 |
||
| 650 |
_aDiseño de instrucción _939511 |
||
| 942 |
_2ddc _cLIBROS |
||
| 945 |
_awnts _d2019-05-15 |
||